| 000 | 00763nam a2200193Ii 4500 | ||
|---|---|---|---|
| 003 | JO-AjNU | ||
| 008 | 230605s9999||||xx |||||||||||||| ||und|| | ||
| 040 |
_aJO-AjNU _bara _erda _cJO-AjNU |
||
| 041 | _aara | ||
| 050 | 1 | 4 | _aP90.A45 1992 |
| 100 | 3 |
_aالجوهري,محمد تأليف/الخولي, حسن م.مشارك /وأخرون, _eauthor _97490 |
|
| 245 | 0 | 0 | _aعلم الاجتماع ودراسة الإعلام والإتصال |
| 264 | 3 | 1 | _aالإسكندرية:الدار المعرفة الجامعية,2010 |
| 300 | _a331ص | ||
| 336 |
_atext _btxt _2rdacontent |
||
| 337 |
_aunmediated _bn _2rdamedia |
||
| 338 |
_avolume _bnc _2rdacarrier |
||
| 650 | 4 |
_aعلم الاجتماع-علم الاجتماع ودراسة الإعلام والاتصال _97491 |
|
| 999 |
_aA305 _c3873 _d3873 |
||